00730cam a22002171 4500001001300000003000400013005001700017008004100034010001700075035001900092040001700111042001200128050001500140100005100155245007000206260004900276300004200325500009700367651003100464999001700495rc 01002406 DLC20260227111906.0810212s1885 cauab 000 0 eng  arc 01002406  a(OCoLC)7121763 aDLCcAUdDLC apremarc00aF851b.H671 aHittell, John S.q(John Shertzer),d1825-1901.10aHittell's hand-book of Pacific coast travel.cBy John S. Hittell. aSan Francisco,bA. L. Bancroft & Co.,c1885. a263 p.bill., 2 fold. maps.c17.5 cm. aFirst published in 1882 with title: Bancroft's Pacific Coast guide book, by John S. Hittell. 0aPacific CoastvGuidebooks. c52302d52302